Estadísticas para Países que comienzan con K

Haz click aquí para tomar la prueba!

Estadísticas generales

  • Esta prueba ha sido tomada 4,015 veces
  • La puntuación promedio es 5 de 6

Estadísticas de respuestas

País % Correcto
Kazajistán
92%
Kenia
88%
Kirguistán
80%
Kuwait
77%
Kiribati
76%
Kosovo
69%

Distribución de puntuación

Porcentaje por número respondido

Porcentaje de gente con cada puntuación

Historial de tus puntuaciones

No has tomado esta prueba